| 000 | 007310000a22002530004500 | ||
|---|---|---|---|
| 003 | LK-CoMWRAF | ||
| 005 | 20230913105940.0 | ||
| 008 | 230817t1997 ||||| |||| 00| 0 eng d | ||
| 020 | _a1851681477 | ||
| 040 |
_aLK-CoMWRAF _dLK-CoMWRAF _eLK-CoMWRAF |
||
| 041 | _aeng | ||
| 082 |
_a297.83 _bMAR |
||
| 100 | _aMartin, Richard C. | ||
| 100 | _aAtmaja,Dwi S. | ||
| 245 |
_aDefenders of Reason in Islam : _bMu'tazilism from medieval school to modern symbol |
||
| 260 |
_bOxford : _aOneworld _c1997 |
||
| 300 | _axv, 251p. ; 23cm. | ||
| 650 | _aMotazilites -- History | ||
| 650 | _aIslam -- Doctrines | ||
| 650 | _aIslamic Rationalism | ||
| 700 |
_aWoodward, Mark R. _econt. |
||
| 700 |
_aAtmaja, Dwi S _econt. |
||
| 942 | _cBK | ||
| 999 |
_c3098 _d3098 |
||